Obálka Náhled e-knihy:
PDF Epub
Pro půjčování e-knih musíte být přihlášeni.
Jak si půjčit online?

Poslední stín /

„Jsme zoufalí blázni.“„Proč myslíš?“„Protože jsme zašli, až sem. Před branami pekelnými prosíme o pomoc samotného ďábla.“„Co jiného nám zbývalo?“Dlouhé ticho ukončuje jediné slovíčko: „Nic.“ Planeta Terra Prime skrývá hrozivou civilizaci. Pět staletí hromadila sílu. Nyní zuří. Jakým právem jsme vpad...

Celý popis

Uloženo v:
Série:Poslední stín, část 5
Hlavní autor: Pavelek, Jiří (Autor)
Médium: E-kniha
Jazyk:Czech
Vydáno: Praha : E-knihy jedou, 2025
Příbuzné jednotky:Z cyklu:: Poslední stín
Tagy:
Žádné tagy
LEADER 01590nam a22002417i 4500
001 312850
007 ta
008 260601s2025 xr ||||| |||| 00| 0 cze d
020 |a 9990004232105 
044 |a xr 
100 1 |a  Pavelek, Jiří  |4 aut 
245 1 0 |a Poslední stín /  |c  Pavelek, Jiří 
264 1 |a Praha :  |b E-knihy jedou,  |c 2025 
300 |a 1 online zdroj (835 stran) 
336 |a text  |b txt  |2 rdacontent 
337 |a bez média  |b n  |2 rdamedia 
338 |a online zdroj  |b cr  |2 rdacarrier 
520 2 |a „Jsme zoufalí blázni.“„Proč myslíš?“„Protože jsme zašli, až sem. Před branami pekelnými prosíme o pomoc samotného ďábla.“„Co jiného nám zbývalo?“Dlouhé ticho ukončuje jediné slovíčko: „Nic.“ Planeta Terra Prime skrývá hrozivou civilizaci. Pět staletí hromadila sílu. Nyní zuří. Jakým právem jsme vpadli do jejího prostoru?Ústy miliard občanů volá po válečné mstě. Jsou krvelačnou šelmou. Zastaví ji slova útěchy, nebo nelítostně zaútočí?Sektorem zní jediné poselství: „Třeste se, oni přicházejí…“ 
787 0 8 |g 5  |i Z cyklu:  |t Poslední stín 
910 |a RBIT002 
998 |d 423210  |a https://core.palmknihy.cz/api/books/423210/cover?t4fu2u  |b https://core.palmknihy.cz/api/books/423210/cover/400?t4fu2u  |c https://core.palmknihy.cz/api/books/423210/cover/50?t4fu2u  |e   |g 835  |i 9990004232105  |j https://core.palmknihy.cz/api/books/423210/preview.epub  |k https://core.palmknihy.cz/api/books/423210/preview.pdf  |l   |q 49  |r 1  |s https://www.palmknihy.cz/kniha/423210  |t ebook  |y 2025  |z 1  |v Poslední stín  |w 5 
999 |d 312848